12 najdłuższych rzek w Polsce - Statystyki

Ogólne statystyki
  • Ten quiz został rozwiązany 221 razy
  • Średni wynik to 7 z 12
Statystyki odpowiedzi
Hint Odpowiedź % Poprawnych
1047 km Wisła
99%
854 km Odra
97%
808 km Warta
92%
772 km Bug
90%
443 km San
77%
484 km Narew
68%
303 km Wieprz
57%
388 km Noteć
51%
319 km Pilica
48%
272 km Bóbr
32%
249 km Wkra
16%
264 km Łyna
11%
Nie znaleziono quizów pasujących do podanych kryteriów
Rozkład punktacji
Procent ludzi z każdym wynikiem
Percentyl według liczby udzielonych odpowiedzi
Twoja historia wyników
Nie rozwiązałeś tego quizu